| 000 | 00720nam a22001815i 4500 | ||
|---|---|---|---|
| 001 | 153371 | ||
| 003 | ES-MaACL | ||
| 005 | 20250811144007.0 | ||
| 008 | 990722s1839 sp |||| | spa d | ||
| 040 |
_aCCPB | B _bspa _cCCPB | B |
||
| 245 | 0 | 3 |
_aLa cuñada _b: drama en dos actos / _ctraducido por Gregorio Romero Larrañaga. |
| 260 |
_aMadrid : _b[s.n.], _c1839 ( _fImprenta de Yenes) |
||
| 300 |
_a44 p. ; _c17 cm. |
||
| 700 | 1 |
_aRomero Larrañaga, Gregorio, _d1815-1872 _9132031 |
|
| 852 |
_aES-MaACL _jF-8619(3) _z-- Enc. pasta española _q-- Falto de las pag. 43-44 _z-- Enc. en un vol. facticio formando parte de la col. facticia "Teatro español moderno", vol. 74 |
||
| 999 |
_c153371 _d153371 |
||